[Event "Leiden SB-ch 1819"]
[Site "Leiden"]
[Date "2019.03.22"]
[Round "6"]
[White "Eveleens, Ed"]
[Black "Hilarius, Sander"]
[Result "0-1"]
[WhiteElo "1675"]
[BlackElo "1874"]
[PlyCount "90"]
[EventDate "2018.10.19"]
[EventType "swiss"]
[EventRounds "9"]
[EventCountry "NED"]
[SourceTitle "EXT 2023"]
[Source "ChessBase"]
[SourceDate "2022.10.05"]
[SourceVersion "1"]
[SourceVersionDate "2022.10.05"]
[SourceQuality "1"]

1. e4 e5 2. Nf3 Nc6 3. Bc4 Nf6 4. d3 h6 5. Nc3 d6 6. h3 g6 7. Ne2 Bg7 8. c3 0-0 9. g4 Nh7 10. Bd2 Na5 11. Qc1 Nxc4 12. dxc4 g5 13. Ng3 Be6 14. b3 c6 15. Nf5 Bxf5 16. exf5 d5 17. 0-0 dxc4 18. bxc4 Qd3 19. Kg2 Qxc4 20. Rb1 e4 21. Ne1 c5 22. Rb3 Nf6 23. Nc2 b6 24. Qe1 Rfd8 25. Ne3 Qd3 26. Bc1 Nd5 27. c4 Nxe3+ 28. fxe3 Qxc4 29. f6 Bf8 30. h4 Rd5 31. Rb2 Rad8 32. Rd2 Rxd2+ 33. Bxd2 Qxa2 34. Rf2 Qe6 35. Rf5 Rd5 36. Qf2 Rxf5 37. Qxf5 Qxf5 38. gxf5 Bd6 39. hxg5 hxg5 40. Be1 Be5 41. Kf1 Bxf6 42. Bg3 Bc3 43. Ke2 f6 44. Bb8 Be5 45. Bxa7 Bc7 0-1

[Event "Leiden SB-ch 1819"]
[Site "Leiden"]
[Date "2018.12.07"]
[Round "3"]
[White "Geertsma, Folkert Jan"]
[Black "Eveleens, Ed"]
[Result "1/2-1/2"]
[WhiteElo "1939"]
[BlackElo "1675"]
[PlyCount "134"]
[EventDate "2018.10.19"]
[EventType "swiss"]
[EventRounds "9"]
[EventCountry "NED"]
[SourceTitle "EXT 2023"]
[Source "ChessBase"]
[SourceDate "2022.10.05"]
[SourceVersion "1"]
[SourceVersionDate "2022.10.05"]
[SourceQuality "1"]

1. c4 f5 2. h3 Nf6 3. g4 d5 4. gxf5 Bxf5 5. Bg2 c6 6. cxd5 cxd5 7. Qb3 Qd7 8. d3 Nc6 9. Nf3 Be6 10. Bf4 d4 11. Qa4 Bd5 12. Nbd2 e5 13. Bg5 Nb4 14. Qxd7+ Nxd7 15. 0-0 Be7 16. Bxe7 Kxe7 17. a3 Bxf3 18. Bxf3 Nc6 19. Rac1 Rac8 20. Rc2 Na5 21. Rfc1 Nb6 22. b4 Rxc2 23. Rxc2 Nc6 24. Bxc6 bxc6 25. Rxc6 Rc8 26. Rxc8 Nxc8 27. Nc4 Ke6 28. Kg2 Ne7 29. Kf3 Nd5 30. e3 dxe3 31. fxe3 Nc7 32. e4 Nb5 33. a4 Nd4+ 34. Kf2 Nc6 35. b5 Nb4 36. Ke2 Nc2 37. b6 Nd4+ 38. Ke3 axb6 39. Nxb6 Nc6 40. Nc4 g5 41. a5 h5 42. a6 g4 43. hxg4 hxg4 44. Kf2 Kf6 45. Kg3 Ke6 46. Kxg4 Kd7 47. Kf5 Kc7 48. Nxe5 Nd4+ 49. Kf4 Kb6 50. Nc4+ Kxa6 51. e5 Kb5 52. Ke4 Ne6 53. Nd6+ Kc6 54. d4 Ng5+ 55. Kd3 Kd5 56. Nf5 Ke6 57. Ne3 Nf3 58. Nc4 Kd5 59. Nb6+ Kc6 60. e6 Kd6 61. d5 Ng5 62. Nc8+ Kc7 63. e7 Kd7 64. d6 Nf7 65. Nb6+ Ke8 66. d7+ Kxe7 67. Kd4 Kd6 1/2-1/2

[Event "Maastricht Limburg op-B 9th"]
[Site "Maastricht"]
[Date "2015.05.24"]
[Round "5"]
[White "Toll, Maarten"]
[Black "Eveleens, Ed"]
[Result "1-0"]
[WhiteElo "1886"]
[BlackElo "1777"]
[PlyCount "111"]
[EventDate "2015.05.22"]
[EventType "swiss"]
[EventRounds "7"]
[EventCountry "NED"]
[SourceTitle "EXT 2016"]
[Source "ChessBase"]
[SourceDate "2015.10.08"]
[SourceVersion "1"]
[SourceVersionDate "2015.10.08"]
[SourceQuality "1"]

1. d4 f5 2. Nf3 Nf6 3. Bg5 e6 4. e3 Be7 5. Nbd2 Ne4 6. Bxe7 Qxe7 7. Ne5 Nf6 8. Bd3 d6 9. Nef3 g6 10. c4 Nbd7 11. Qc2 c5 12. 0-0 0-0 13. e4 fxe4 14. Nxe4 Nxe4 15. Bxe4 Nf6 16. Bd3 b6 17. Rae1 cxd4 18. Nxd4 e5 19. f4 Qg7 20. fxe5 dxe5 21. Nc6 Bb7 22. Nxe5 Nd7 23. Ng4 Qd4+ 24. Nf2 Nc5 25. Rd1 Nxd3 26. Rxd3 Qc5 27. Kh1 Qc6 28. Rg3 Rf6 29. Rg1 Raf8 30. Ng4 Rf1 31. h3 Rxg1+ 32. Kxg1 Qc5+ 33. Kh2 Kf7 34. Qc3 Ke8 35. Nf6+ Kd8 36. Nxh7 Rf2 37. b4 Qd6 38. Kg1 Rxg2+ 39. Rxg2 Bxg2 40. Kxg2 Qc6+ 41. Kf2 Qe4 42. Nf6 Qf4+ 43. Qf3 Qd2+ 44. Kg3 Qe1+ 45. Kg4 Qg1+ 46. Kh4 Qe1+ 47. Kg5 Qg1+ 48. Ng4 Qc1+ 49. Qf4 Qc2 50. Qb8+ Kd7 51. Qxa7+ Kc8 52. Qxb6 Qf5+ 53. Kh4 g5+ 54. Kh5 Qh7+ 55. Nh6 Qd3 56. Qe6+ 1-0

[Event "Maastricht Limburg op-B 9th"]
[Site "Maastricht"]
[Date "2015.05.23"]
[Round "2"]
[White "Zyla, Lennert"]
[Black "Eveleens, Ed"]
[Result "1/2-1/2"]
[WhiteElo "1805"]
[BlackElo "1777"]
[PlyCount "139"]
[EventDate "2015.05.22"]
[EventType "swiss"]
[EventRounds "7"]
[EventCountry "NED"]
[SourceTitle "EXT 2016"]
[Source "ChessBase"]
[SourceDate "2015.10.08"]
[SourceVersion "1"]
[SourceVersionDate "2015.10.08"]
[SourceQuality "1"]

1. e4 d5 2. exd5 Qxd5 3. Nc3 Qd6 4. d4 Nf6 5. Nf3 c6 6. h3 Bf5 7. Bd3 Bg6 8. 0-0 Nbd7 9. Re1 e6 10. Be3 Qc7 11. Qd2 Bd6 12. a3 Nb6 13. b4 Nbd5 14. Nxd5 Nxd5 15. c4 Nxe3 16. Qxe3 Bxd3 17. Qxd3 0-0 18. Re4 Be7 19. Rae1 Rad8 20. Qe3 Bf6 21. g4 g6 22. g5 Bg7 23. Nh2 a6 24. Ng4 f5 25. gxf6 Bxf6 26. Nxf6+ Rxf6 27. Rxe6 Rxe6 28. Qxe6+ Qf7 29. Qxf7+ Kxf7 30. Re4 b6 31. f4 b5 32. c5 a5 33. Kg2 axb4 34. axb4 Ra8 35. Kf3 Ra4 36. d5 cxd5 37. Rd4 Ke6 38. Ke2 Ra2+ 39. Rd2 Ra3 40. Rd3 Ra2+ 41. Ke3 Rc2 42. Ra3 Rc4 43. Ra6+ Kf5 44. Rd6 Rxb4 45. Rxd5+ Ke6 46. Rd6+ Ke7 47. Rd4 Rb3+ 48. Ke4 Rxh3 49. c6 Rh5 50. Rd7+ Ke6 51. Rb7 Kd6 52. c7 Kd7 53. f5 Rxf5 54. c8Q+ Kxc8 55. Rxh7 b4 56. Rg7 Rf6 57. Kd4 b3 58. Kc3 Rb6 59. Kb2 Kd8 60. Ra7 Ke8 61. Rc7 Rb5 62. Rg7 g5 63. Ra7 Kf8 64. Rc7 Rb4 65. Ra7 g4 66. Rd7 Ke8 67. Rg7 Kf8 68. Rd7 Ke8 69. Rg7 Kf8 70. Rd7 1/2-1/2

[Event "Maastricht Limburg op-B 8th"]
[Site "Maastricht"]
[Date "2014.06.09"]
[Round "6"]
[White "Eveleens, Ed"]
[Black "Been, Klaas"]
[Result "1-0"]
[WhiteElo "1779"]
[BlackElo "1799"]
[PlyCount "45"]
[EventDate "2014.06.06"]
[EventType "swiss"]
[EventRounds "7"]
[EventCountry "NED"]
[SourceTitle "EXT 2015"]
[Source "ChessBase"]
[SourceDate "2014.11.20"]
[SourceVersion "1"]
[SourceVersionDate "2014.11.20"]
[SourceQuality "1"]

1. e4 e5 2. Nf3 Nc6 3. d4 exd4 4. Bc4 d6 5. c3 h6 6. cxd4 Nf6 7. Qb3 Qe7 8. 0-0 Na5 9. Qb5+ Nc6 10. d5 a6 11. Qa4 Bd7 12. dxc6 Bxc6 13. Qb3 Nxe4 14. Bd5 Nc5 15. Bxc6+ bxc6 16. Qc2 0-0-0 17. Nd4 Kb7 18. b4 Qe5 19. bxc5 Qxd4 20. Nc3 d5 21. Be3 Qc4 22. Rab1+ Ka7 23. Qb2 1-0

[Event "Maastricht Limburg op-B 8th"]
[Site "Maastricht"]
[Date "2014.06.09"]
[Round "7"]
[White "Hoelting, Siegfried"]
[Black "Eveleens, Ed"]
[Result "1/2-1/2"]
[WhiteElo "1938"]
[BlackElo "1779"]
[PlyCount "49"]
[EventDate "2014.06.06"]
[EventType "swiss"]
[EventRounds "7"]
[EventCountry "NED"]
[SourceTitle "EXT 2015"]
[Source "ChessBase"]
[SourceDate "2014.11.20"]
[SourceVersion "1"]
[SourceVersionDate "2014.11.20"]
[SourceQuality "1"]

1. e4 Nf6 2. e5 Nd5 3. c4 Nb6 4. d4 d6 5. exd6 exd6 6. Nf3 Bf5 7. Bd3 Bxd3 8. Qxd3 Be7 9. 0-0 0-0 10. Be3 c5 11. d5 Bf6 12. Nc3 N8d7 13. Rab1 Ne5 14. Nxe5 Bxe5 15. b3 f5 16. f4 Bf6 17. Ne2 Re8 18. Ng3 Rxe3 19. Qxf5 Bd4 20. Kh1 Qh4 21. Ne4 Rf8 22. Qg5 Qxg5 23. Nxg5 Bf6 24. Ne6 Re8 25. g4 1/2-1/2

[Event "Maastricht Limburg op-B 8th"]
[Site "Maastricht"]
[Date "2014.06.08"]
[Round "5"]
[White "Geboers, Jimmy"]
[Black "Eveleens, Ed"]
[Result "1-0"]
[WhiteElo "1907"]
[BlackElo "1779"]
[PlyCount "117"]
[EventDate "2014.06.06"]
[EventType "swiss"]
[EventRounds "7"]
[EventCountry "NED"]
[SourceTitle "EXT 2015"]
[Source "ChessBase"]
[SourceDate "2014.11.20"]
[SourceVersion "1"]
[SourceVersionDate "2014.11.20"]
[SourceQuality "1"]

1. d4 f5 2. c4 Nf6 3. g3 c6 4. Nc3 d5 5. Bg2 Ne4 6. cxd5 cxd5 7. Nf3 e6 8. Bf4 Qb6 9. Qc2 Nc6 10. 0-0 Bd7 11. Be3 Bd6 12. Na4 Qd8 13. Nc5 Nxc5 14. dxc5 Be7 15. Nd4 Nxd4 16. Bxd4 0-0 17. b4 Rc8 18. Qb2 Bf6 19. Rfc1 a6 20. f3 Qe7 21. Be5 Bxe5 22. Qxe5 Qf6 23. Qxf6 Rxf6 24. e4 Bc6 25. exd5 Bxd5 26. f4 Rf7 27. Re1 Bxg2 28. Kxg2 Re7 29. Rad1 Kf7 30. Re5 b6 31. Rd6 bxc5 32. bxc5 Ra8 33. Rb6 a5 34. a4 h6 35. Kf3 Rd8 36. Ra6 Rd3+ 37. Re3 Rd5 38. Rxa5 Rc7 39. Rc3 Ke7 40. Rb5 Ra7 41. Ra3 Rc7 42. a5 Rdxc5 43. Rxc5 Rxc5 44. a6 Rc8 45. a7 Ra8 46. Ke3 Kd6 47. Kd4 g5 48. Ra6+ Kd7 49. Ke5 gxf4 50. gxf4 h5 51. h4 Kc8 52. Kxe6 Kb7 53. Ra2 Re8+ 54. Kxf5 Ka8 55. Kg5 Rg8+ 56. Kxh5 Rf8 57. Ra4 Rg8 58. f5 Rf8 59. Kg4 1-0